000 00894 a2200217 4500
001 123026
020 _a9780590922517
040 _cEscola Canadense de Niteroi
090 _aCOL
100 _aCole, Joanna
245 1 0 _aThe Magic School Bus: Makes A Rainbow
300 _bil.
362 0 _a1997
490 0 _aThe Magic School Bus
520 _aThe class finds Ms. Frizzle inside her closet - playing pinball! But this is no ordinary pinball machine — it's played with light pulses, not steel balls. The Friz has to light up the six colors of the rainbow to win the game, and the kids want to help her. So they take the Magic School Bus inside the pinball machine. Buckle up for this enlightening adventure and learn the secrets of color! (Grade Level: 2-5)
650 4 _aChildren's Literature
650 4 _aColors
650 4 _aRainbow
650 4 _aTv Shows
942 _cBK
999 _c123026
_d123026